SCH - Autobahn - Statistiques

Statistiques générales
  • Ce quiz a été pris 7 fois
  • Le résultat moyen est 12 sur 14
Statistiques - réponses
Artistes Musiques % Correct
SCH 83K
100%
SCH Actes
100%
SCH Autobahn
100%
SCH LIF
100%
SCH Magnum
100%
SCH Niobe
100%
SCH, So la Lune Transmission Automatique
100%
SCH Vivienne Westwood
100%
SCH Lilou Dallas
80%
SCH, Dinos Marginaux
80%
SCH Blanc Bleu
60%
SCH Coeur de Môme
60%
SCH Blue Bahamas
40%
SCH Offshore
40%
Aucun quiz correspondant
Distribution des résultats
% des personnes avec chaque résultat
Percentile par nombre de réponses
Votre historique - résultats
Vous n’avez pas pris ce quiz